00645nam a2200205Ia 4500003000900000008004100009020001800050040001600068080002000084100002400104245005300128260003800181300001400219650001900233650002200252650001900274942000700293999001500300952012400315IN-BaIIA211028s9999 xx 000 0 eng d a0-471-80194-1 cIIA Library a621.389.04bSMI aSmith, John I97131 0aModern operational circuit designcJohn I. Smith aNew YorkbJohn Wiley & Sonsc1971 axi, 256p. aCircuits91974 aElectronics91576 aNASA Thesaurus cBK c4039d4039 00104070aBANbBANcGENd1972-10-24g115.20l0o621.389.04/ SMIp4510r2021-11-05v115.20w1972-10-24yBKGRs. 115.20